Love in an attic : (Record no. 17443)

MARC details
000 -LEADER
fixed length control field 00638cam a22002051i 4500
001 - CONTROL NUMBER
control field ca 34001136
003 - CONTROL NUMBER IDENTIFIER
control field DLC
005 - DATE AND TIME OF LATEST TRANSACTION
control field 20260227111133.0
008 - FIXED-LENGTH DATA ELEMENTS--GENERAL INFORMATION
fixed length control field 770124s1928 nyu 000 0 eng
010 ## - LIBRARY OF CONGRESS CONTROL NUMBER
LC control number ca 34001136
035 ## - SYSTEM CONTROL NUMBER
System control number (OCoLC)2698465
040 ## - CATALOGING SOURCE
Original cataloging agency DLC
Transcribing agency MNoW
Modifying agency OCoLC
-- DLC
050 00 - LIBRARY OF CONGRESS CALL NUMBER
Classification number PS3507.I87
Item number L6 1928
082 ## - DEWEY DECIMAL CLASSIFICATION NUMBER
Classification number 812.5
100 1# - MAIN ENTRY--PERSONAL NAME
Personal name Divine, Charles,
Dates associated with a name 1889--
245 10 - TITLE STATEMENT
Title Love in an attic :
Remainder of title a play in one act /
Statement of responsibility, etc. by Charles Divine.
260 ## - PUBLICATION, DISTRIBUTION, ETC.
Place of publication, distribution, etc. New York :
Name of publisher, distributor, etc. French,
Date of publication, distribution, etc. 1928.
300 ## - PHYSICAL DESCRIPTION
Extent 24 cm. :
Other physical details ill. ;
Dimensions 19 cm.
490 0# - SERIES STATEMENT
Series statement French's international copyrighted edition of the works of the best authors ;
Volume/sequential designation no. 692

No items available.

Powered by Koha